अधर का पुल / (Record no. 117941)

MARC details
000 -LEADER
fixed length control field 00968nam a22002537a 4500
005 - DATE AND TIME OF LATEST TRANSACTION
control field 20170124103103.0
010 ## - LIBRARY OF CONGRESS CONTROL NUMBER
LC control number A-808144
020 ## - INTERNATIONAL STANDARD BOOK NUMBER
Terms of availability 80.00
International Standard Book Number 818544103
035 ## - SYSTEM CONTROL NUMBER
System control number A-808144
037 ## - SOURCE OF ACQUISITION
Source of stock number/acquisition Cen Lib/Ret
040 ## - CATALOGING SOURCE
Original cataloging agency DPL
Language of cataloging HN
082 ## - DEWEY DECIMAL CLASSIFICATION NUMBER
Classification number 821
Item number सचदेव
100 ## - MAIN ENTRY--PERSONAL NAME
Personal name सचदेव, गौतम
9 (RLIN) 77603
245 ## - TITLE STATEMENT
Title अधर का पुल /
Statement of responsibility, etc गौतम सचदेव
246 ## - VARYING FORM OF TITLE
Title proper/short title Adhar ka pul /
Remainder of title by Gautam Sachdev
260 ## - PUBLICATION, DISTRIBUTION, ETC. (IMPRINT)
Place of publication, distribution, etc नयी दिल्ली
Name of publisher, distributor, etc हिन्दी बुक सेंटर
Date of publication, distribution, etc 1996
270 ## - ADDRESS
Address 4/5-बी, आसफ अली रोड
City नयी दिल्ली
Postal code 110002
300 ## - PHYSICAL DESCRIPTION
Extent 88पृ.
Dimensions 21सेमी (सजिल्द)
650 ## - SUBJECT ADDED ENTRY--TOPICAL TERM
Topical term or geographic name as entry element साहित्य--कविता
9 (RLIN) 77604
650 ## - SUBJECT ADDED ENTRY--TOPICAL TERM
Topical term or geographic name as entry element हिन्दी कविताएं
9 (RLIN) 77605
650 ## - SUBJECT ADDED ENTRY--TOPICAL TERM
Topical term or geographic name as entry element Literature--Poems
9 (RLIN) 77606
650 ## - SUBJECT ADDED ENTRY--TOPICAL TERM
Topical term or geographic name as entry element Hindi poems
9 (RLIN) 77607
942 ## - ADDED ENTRY ELEMENTS (KOHA)
Source of classification or shelving scheme Dewey Decimal Classification
Koha item type Hindi Books
Classification part 821
Call number suffix सचदे
Holdings
Withdrawn status Lost status Damaged status Not for loan Home library Current library Date acquired Source of acquisition Cost, normal purchase price Total Checkouts Full call number Barcode Date last seen Copy number Cost, replacement price Price effective from Koha item type
        Central Library Central Library 09/09/2015 Cen Lib/Ret 80.00   821 सचदेव A-808144 09/09/2015 1 80.00 09/09/2015 Hindi Books

© Delhi Public Library
Hit Counter
free hit counter